[Event "Ceske Budejovice op-B"]
[Site "Ceske Budejovice"]
[Date "2025.07.06"]
[Round "9"]
[White "Pokorny, Jiri1"]
[Black "Chadima, Ondrej"]
[Result "0-1"]
[WhiteElo "1636"]
[BlackElo "1541"]
[PlyCount "134"]
[EventDate "2025.06.28"]
[EventType "swiss"]
[EventRounds "9"]
[EventCountry "CZE"]
[SourceTitle "CB28_2025"]
[SourceDate "2025.07.09"]
[SourceVersion "1"]
[SourceVersionDate "2025.07.09"]
[SourceQuality "1"]

1. e4 c5 2. c3 Nc6 3. Bc4 Nf6 4. d3 g6 5. Nf3 d6 6. h3 Bg7 7. 0-0 0-0 8. Bg5 Re8 9. Nbd2 Na5 10. Re1 Nxc4 11. Nxc4 Be6 12. Ne3 Nd7 13. Qc2 Ne5 14. Nd2 Qd7 15. f4 Nc6 16. Kh2 d5 17. exd5 Bxd5 18. Rad1 Rad8 19. Ne4 b6 20. Bh4 Qc7 21. Bg3 Bh6 22. Qf2 Bxe4 23. dxe4 e6 24. Ng4 Bg7 25. f5 Ne5 26. Bxe5 Bxe5+ 27. g3 Rxd1 28. Rxd1 exf5 29. Nxe5 Qxe5 30. exf5 Qe2 31. Rf1 gxf5 32. Kg1 Qxf2+ 33. Rxf2 Re5 34. Kf1 Kg7 35. Rf4 Kg6 36. Ra4 a5 37. b4 cxb4 38. cxb4 Re4 39. Kf2 Rxb4 40. Ra3 f4 41. g4 Kg5 42. Kf3 f5 43. Rd3 fxg4+ 44. hxg4 Rb5 45. Rd8 h5 46. Rg8+ Kh4 47. Rh8 Rg5 48. Rxh5+ Rxh5 49. gxh5 Kxh5 50. Kxf4 b5 51. Ke3 b4 52. Kd2 a4 53. Kc2 Kg4 54. Kb2 Kf3 55. Kc2 Ke2 56. Kb2 Kd3 57. Kc1 Ke3 58. Kc2 Ke2 59. Kc1 Kd3 60. Kb2 Kd2 61. Kb1 Kc3 62. Ka1 b3 63. Kb1 Kb4 64. Ka1 Ka3 65. axb3 axb3 66. Kb1 b2 67. Kc2 Ka2 0-1